[Event "Xtracon Chess Open 2019"]
[Site "Helsingor DEN"]
[Date "2019.07.24"]
[Round "6.156"]
[White "Svane, Freja"]
[Black "Petersen, Rasmus"]
[Result "1/2-1/2"]
[WhiteElo "1600"]
[BlackElo "1745"]
[WhiteFideId "12940100"]
[BlackFideId "1448250"]
[EventDate "2019.07.20"]

1. d4 Nf6 2. c4 e6 3. Nc3 Bb4 4. Bd2 O-O 5. Nf3 Nc6 6. e3 d6 7. Bd3 Qe7 8. O-O
e5 9. dxe5 Nxe5 10. Nxe5 dxe5 11. a3 Bxc3 12. Bxc3 Re8 13. Qc2 b6 14. Rfd1 Bb7
15. Rd2 Rad8 16. Rad1 Rd6 17. Bb4 c5 18. Bxc5 bxc5 19. Bxh7+ Nxh7 20. Rxd6 Nf6
21. Qa4 Be4 22. Ra6 Rd8 23. f3 Bg6 24. e4 Rxd1+ 25. Qxd1 Qb7 26. Qd8+ Kh7 27.
Qa5 Qxb2 28. Qxc5 Qa1+ 29. Kf2 Qa2+ 30. Kf1 Qa1+ 31. Kf2 Qa2+ 32. Kf1 Qa1+ 1/2-1/2

[Event "Xtracon Chess Open 2019"]
[Site "Helsingor DEN"]
[Date "2019.07.24"]
[Round "6.157"]
[White "Borrmann, Laurenz"]
[Black "Bohlin, Jan"]
[Result "1/2-1/2"]
[WhiteElo "1623"]
[BlackElo "1724"]
[WhiteFideId "312187930"]
[BlackFideId "1758616"]
[EventDate "2019.07.20"]

1. Nf3 c5 2. g3 b6 3. Bg2 Bb7 4. O-O Nf6 5. d3 e6 6. e4 d6 7. Nc3 Be7 8. Be3 O-O
9. e5 dxe5 10. Nxe5 Qc8 11. Qe2 Bxg2 1/2-1/2

[Event "Xtracon Chess Open 2019"]
[Site "Helsingor DEN"]
[Date "2019.07.24"]
[Round "6.158"]
[White "Damm, Henrik"]
[Black "Nielsen, Kai Gylling"]
[Result "1/2-1/2"]
[WhiteElo "1591"]
[BlackElo "1709"]
[WhiteFideId "1425013"]
[BlackFideId "1406400"]
[EventDate "2019.07.20"]

1. e4 e5 2. Nf3 Nc6 3. d4 exd4 4. Nxd4 Qh4 5. Nc3 Bb4 6. Nb5 Qxe4+ 7. Qe2 Qxe2+
8. Bxe2 Bxc3+ 9. bxc3 Kd8 10. O-O a6 11. Nd4 Nge7 12. Bc4 d5 13. Bb3 Re8 14. Ba3
Nxd4 15. cxd4 c6 16. Bc5 Kc7 17. Rfe1 Be6 18. Rab1 b6 19. Ba3 Ng6 20. Re3 a5 21.
c3 b5 22. Bc5 Kd7 23. g3 Bf5 24. Rbe1 Rxe3 25. Rxe3 a4 26. Bd1 Re8 27. Rxe8 Kxe8
28. a3 Bd7 29. Bc2 f5 30. f4 Nf8 31. Kf2 Ne6 32. Bb4 g6 33. h4 Kf7 34. Bd1 h6
35. Be2 Kf6 36. Kf3 g5 37. hxg5+ hxg5 38. fxg5+ Nxg5+ 39. Kf4 Ne4 40. Bh5 Nf2
41. Ke3 Nh3 42. Be2 Be8 43. Bf1 Ng5 44. Be2 Ne4 45. Kf4 1/2-1/2

[Event "Xtracon Chess Open 2019"]
[Site "Helsingor DEN"]
[Date "2019.07.24"]
[Round "6.159"]
[White "Weersing, Abigail Riis"]
[Black "Huse, Arne Kjelsbol"]
[Result "1-0"]
[WhiteElo "1709"]
[BlackElo "1419"]
[WhiteFideId "460036"]
[BlackFideId "1520709"]
[EventDate "2019.07.20"]

1. d4 Nf6 2. c4 e6 3. Nf3 b6 4. g3 Bb7 5. Bg2 Bb4+ 6. Bd2 Bxd2+ 7. Qxd2 O-O 8.
Nc3 d6 9. O-O c5 10. d5 exd5 11. Nxd5 Nxd5 12. cxd5 Ba6 13. Rfe1 Nd7 14. e4 f6
15. Qc2 Ne5 16. Rad1 Bc8 17. Nh4 g6 18. f4 Nf7 19. Nf3 Re8 20. Re3 a5 21. a4 Bd7
22. Qb3 Rb8 23. Bf1 Re7 24. Rde1 Qe8 25. Qc3 b5 26. Qxf6 bxa4 27. Nd2 Bb5 28.
Qc3 Bxf1 29. Rxf1 Rb4 30. Rfe1 Qb5 31. Rb1 Rb7 32. e5 dxe5 33. fxe5 Rd4 34. Ne4
Re7 35. e6 Nd8 36. Rf1 Kg7 37. Nxc5 Qb4 38. Rd3 Qxc3 39. bxc3 Rxd3 40. Nxd3 Rc7
41. d6 Nxe6 42. dxc7 Nxc7 43. Ra1 1-0

[Event "Xtracon Chess Open 2019"]
[Site "Helsingor DEN"]
[Date "2019.07.24"]
[Round "6.160"]
[White "Stromhaug, Kristoffer Wang"]
[Black "Linjord, David Jess"]
[Result "1-0"]
[WhiteElo "1566"]
[BlackElo "1701"]
[WhiteFideId "1533401"]
[BlackFideId "1527690"]
[EventDate "2019.07.20"]

1. e4 e5 2. Nf3 Nc6 3. d4 exd4 4. Nxd4 Nf6 5. Nc3 Bb4 6. Nxc6 bxc6 7. Bd3 d5 8.
exd5 cxd5 9. O-O O-O 10. Bg5 c6 11. a3 Bd6 12. h3 Bc7 13. Bh4 Re8 14. Re1 Be6
15. b4 Qd7 16. Bxf6 gxf6 17. Qh5 Kf8 18. Qxh7 Qd6 19. g3 Ke7 20. Bg6 Rf8 21. Qg7
Kd7 22. Bh7 Bb6 23. Rad1 Rh8 24. Ne4 Qf8 25. Nxf6+ Kc7 26. Qg5 a5 27. b5 Qxa3
28. Rxe6 Rxh7 29. Re7+ Kc8 30. Qg4+ 1-0

[Event "Xtracon Chess Open 2019"]
[Site "Helsingor DEN"]
[Date "2019.07.24"]
[Round "6.161"]
[White "Starup, Leo"]
[Black "Kustagi, Zeeshan"]
[Result "0-1"]
[WhiteElo "1556"]
[BlackElo "1690"]
[WhiteFideId "1422669"]
[BlackFideId "1468839"]
[EventDate "2019.07.20"]

1. e4 e5 2. Nf3 Nc6 3. Nc3 Nf6 4. Bb5 d6 5. h3 Bd7 6. a4 a6 7. Bc4 Be7 8. d3 O-O
9. Be3 Be6 10. b3 Na5 11. Bxe6 fxe6 12. O-O d5 13. exd5 exd5 14. d4 exd4 15.
Nxd4 Qd7 16. Nf3 c5 17. Bc1 Nc6 18. Bb2 d4 19. Ne2 Rad8 20. Qd3 Kh8 21. Ng3 Nd5
22. Ne2 Ncb4 23. Qd2 Qf5 24. Nexd4 cxd4 25. Nxd4 Qg6 26. Rae1 Rf7 27. Ne6 Rd6
28. Nxg7 Rxg7 29. Bxg7+ Qxg7 30. c4 Nc3 31. Qe3 Rd7 32. Qe6 Bf8 33. Qf5 Rf7 34.
Qd3 Nxd3 0-1

[Event "Xtracon Chess Open 2019"]
[Site "Helsingor DEN"]
[Date "2019.07.24"]
[Round "6.162"]
[White "Gupta Nikhil"]
[Black "Nielsen, Peter"]
[Result "1-0"]
[WhiteElo "1528"]
[BlackElo "1686"]
[WhiteFideId "25697773"]
[BlackFideId "1707485"]
[EventDate "2019.07.20"]

1. g3 g6 2. Bg2 Bg7 3. e4 e5 4. Ne2 Nc6 5. c3 d6 6. O-O Nf6 7. d4 O-O 8. h3 Bd7
9. Be3 Re8 10. Nd2 Rb8 11. d5 Ne7 12. Bxa7 Ra8 13. Be3 c6 14. c4 c5 15. f4 Qc8
16. Kh2 Nh5 17. Nc3 exf4 18. gxf4 Kh8 19. Qf3 f5 20. Qf2 b6 21. Bf3 fxe4 22.
Bxh5 gxh5 23. Ndxe4 Nf5 24. Rae1 Re7 25. Ng3 Nxe3 26. Rxe3 Bd4 27. Rfe1 Rxe3 28.
Rxe3 Qf8 29. Qf3 Bxe3 30. Qxe3 Re8 31. Qf3 h4 32. Nge4 Qh6 33. Ng5 Qg6 34. Nce4
Kg7 35. Qc3+ Kh6 36. Qe1 Bf5 37. Qxh4+ Kg7 38. Ng3 Bd7 39. Nh5+ Kh8 40. Nf6 Re2+
41. Kg3 Re3+ 42. Kf2 Re7 43. Nxd7 Rxd7 44. Qg4 Qc2+ 45. Qe2 Qxe2+ 46. Kxe2 Kg7
47. Ne6+ Kf6 48. Ke3 Kf5 49. Kf3 h6 50. h4 Ra7 51. a3 Ra4 52. Ng7+ Kf6 53. Ne8+
Ke7 54. Ng7 Rxc4 55. Nf5+ Kd7 56. Nxh6 Rd4 57. Kg4 Rxd5 58. Nf5 Ke6 59. Ne3 Rd3
60. Nf5 d5 61. h5 d4 62. h6 Rd1 63. h7 Rh1 64. Nh4 d3 65. h8=Q d2 66. Qe8+ Kf6
67. Qc6+ Ke7 68. Qxh1 1-0

[Event "Xtracon Chess Open 2019"]
[Site "Helsingor DEN"]
[Date "2019.07.24"]
[Round "6.164"]
[White "Poulsen, Knud"]
[Black "Narheim, Mats"]
[Result "0-1"]
[WhiteElo "1743"]
[BlackElo "1608"]
[WhiteFideId "1422324"]
[BlackFideId "1518607"]
[EventDate "2019.07.20"]

1. c4 c5 2. Nc3 Nc6 3. g3 Nf6 4. Bg2 g6 5. e4 d6 6. d3 Bg7 7. Nge2 Bd7 8. O-O
O-O 9. h3 Qc8 10. Kh2 b6 11. f4 Rb8 12. g4 a6 13. a4 Qc7 14. Ng3 Nd4 15. g5 Ne8
16. Nd5 Qd8 17. Rb1 Nc7 18. Nxc7 Qxc7 19. f5 Qd8 20. h4 Be5 21. Bf4 Bg7 22. f6
exf6 23. gxf6 Bxf6 24. Bh6 Be5 25. Bg5 Qc7 26. Qe1 Bxa4 27. b3 Bxb3 28. Rxb3
Nxb3 29. h5 Nd4 30. Bf6 Bxf6 31. Rxf6 Qe7 32. Qf2 Qe5 33. Kh1 a5 34. Bh3 a4 35.
Qg2 Qxf6 36. hxg6 Qf3 0-1

[Event "Xtracon Chess Open 2019"]
[Site "Helsingor DEN"]
[Date "2019.07.24"]
[Round "6.165"]
[White "Halldorsson, Tobias Kjar"]
[Black "Rempe, Janne"]
[Result "1-0"]
[WhiteElo "1730"]
[BlackElo "1594"]
[WhiteFideId "1464701"]
[BlackFideId "16202392"]
[EventDate "2019.07.20"]

1. e4 d6 2. d4 Nf6 3. Nc3 Nbd7 4. f4 e5 5. Nf3 exf4 6. Bxf4 c6 7. Bd3 Nh5 8. Be3
Ndf6 9. Qd2 Be7 10. O-O-O b5 11. e5 dxe5 12. Nxe5 Bb7 13. g4 b4 14. Nb1 c5 15.
Rhf1 cxd4 16. Bxd4 O-O 17. gxh5 Nd5 18. Rg1 Bf6 19. Qh6 Kh8 20. Qxh7# 1-0

[Event "Xtracon Chess Open 2019"]
[Site "Helsingor DEN"]
[Date "2019.07.24"]
[Round "6.166"]
[White "Tummasarson, Flovin M."]
[Black "Jensen, Torben W."]
[Result "1/2-1/2"]
[WhiteElo "1561"]
[BlackElo "1693"]
[WhiteFideId "7202431"]
[BlackFideId "1515942"]
[EventDate "2019.07.20"]

1. e4 c5 2. Nf3 g6 3. c3 d5 4. exd5 Qxd5 5. d4 cxd4 6. Qxd4 Qxd4 7. cxd4 Nf6 8.
Nc3 Bg7 9. Bf4 a6 10. O-O-O O-O 11. h3 b5 12. Bd3 Bb7 13. Rhe1 e6 14. Ne4 Bd5
15. Kb1 Nxe4 16. Bxe4 Bxe4+ 17. Rxe4 Nd7 18. Re2 Nb6 19. Be5 Nd5 20. g3 Rfd8 21.
Bxg7 Kxg7 22. Red2 Rac8 23. Ne1 a5 24. Nc2 h5 25. Ne3 Nb6 26. d5 e5 27. Rc2 Kf6
28. Rcd2 Ke7 29. d6+ Ke6 30. Nd5 Nc4 31. Nc7+ Rxc7 32. dxc7 Nxd2+ 33. Rxd2 Rc8
34. Rc2 Kd6 35. Rd2+ Kc6 36. Rc2+ Kb6 37. Re2 f6 38. f4 Rxc7 39. fxe5 Re7 40.
Rf2 f5 41. g4 Rxe5 42. gxh5 gxh5 43. Rg2 f4 44. Rg6+ Kc5 45. Rf6 Re7 46. Kc2
Re2+ 47. Kc1 Rf2 48. Rf5+ Kd4 49. Rxh5 Kc4 50. b3+ Kb4 51. a3+ Kxa3 52. Rxb5 f3
53. Rxa5+ Kxb3 54. Kd1 Kc3 55. Ke1 Re2+ 56. Kf1 Kd4 57. Ra8 Ke3 58. Re8+ Kd3 59.
Rxe2 fxe2+ 60. Ke1 1/2-1/2

[Event "Xtracon Chess Open 2019"]
[Site "Helsingor DEN"]
[Date "2019.07.24"]
[Round "6.167"]
[White "Haugaard, Thomas"]
[Black "Eiholt, Bjarne"]
[Result "1/2-1/2"]
[WhiteElo "1690"]
[BlackElo "1558"]
[WhiteFideId "1414330"]
[BlackFideId "1411225"]
[EventDate "2019.07.20"]

1. d4 d5 2. c4 e6 3. Nc3 Be7 4. cxd5 exd5 5. Bf4 Nf6 6. e3 O-O 7. Bd3 Re8 8. Rc1
c6 9. Qc2 Na6 10. a3 Nc7 11. h3 Ne6 12. Bh2 Bd6 13. Bxd6 Qxd6 14. Nge2 b6 15. b4
Ng5 16. Bf5 Nge4 17. Bxc8 Raxc8 18. O-O c5 19. Nxe4 Nxe4 20. dxc5 bxc5 21. bxc5
Rxc5 22. Qa4 Qb8 23. Rb1 Qa8 24. Rb7 Ra5 25. Qd7 Nd6 26. Rc7 Rd8 27. Qe7 Ra6 28.
Nd4 Re8 29. Qg5 Qb8 30. Rfc1 Nc4 31. Re7 Rxe7 32. Qxe7 Rb6 33. Qd7 Rd6 34. Qg4
Rg6 1/2-1/2

[Event "Xtracon Chess Open 2019"]
[Site "Helsingor DEN"]
[Date "2019.07.24"]
[Round "6.168"]
[White "Gjelstrup, Ole"]
[Black "Henriksen, Morgan"]
[Result "0-1"]
[WhiteElo "1544"]
[BlackElo "1683"]
[WhiteFideId "1413481"]
[BlackFideId "1510495"]
[EventDate "2019.07.20"]

1. e4 c5 2. c3 d5 3. exd5 Qxd5 4. Nf3 Nf6 5. Be2 e6 6. O-O Be7 7. d4 O-O 8. Be3
cxd4 9. Nxd4 Qe5 10. Nd2 Nbd7 11. N2f3 Qb8 12. Qd2 Nd5 13. Bg5 N5f6 14. Bd3 Re8
15. Rae1 a6 16. Bf4 Bd6 17. Bg3 Bxg3 18. fxg3 Kf8 19. Qg5 h6 20. Qd2 e5 21. Nf5
e4 22. Bc4 Nb6 23. Bxf7 Kxf7 24. Ng5+ Kg6 25. Nh4+ Kh5 26. Nf7 Qc7 27. Rxf6 e3
28. Rxe3 gxf6 29. Rxe8 Qxf7 30. Nf5 Bxf5 0-1

[Event "Xtracon Chess Open 2019"]
[Site "Helsingor DEN"]
[Date "2019.07.24"]
[Round "6.169"]
[White "Joensen, Sigurd"]
[Black "Werner, Jakob"]
[Result "1/2-1/2"]
[WhiteElo "1532"]
[BlackElo "1681"]
[WhiteFideId "7200935"]
[BlackFideId "1426850"]
[EventDate "2019.07.20"]

1. e4 d6 2. Nf3 Nf6 3. d3 g6 4. Be2 Bg7 5. c3 O-O 6. O-O c5 7. Be3 Nc6 8. Nbd2
Bd7 9. Rc1 Ng4 10. Bf4 Nge5 11. h3 a6 12. Nh2 b5 13. Be3 Be8 14. f4 Nd7 15. Ndf3 1/2-1/2

[Event "Xtracon Chess Open 2019"]
[Site "Helsingor DEN"]
[Date "2019.07.24"]
[Round "6.170"]
[White "Larsen, Hans Haagen"]
[Black "Krabbenhoft, Soren"]
[Result "1-0"]
[WhiteElo "1680"]
[BlackElo "1456"]
[WhiteFideId "1409557"]
[BlackFideId "1449117"]
[EventDate "2019.07.20"]

1. b4 d5 2. Bb2 e6 3. e3 Nf6 4. b5 Be7 5. Nf3 O-O 6. Be2 c5 7. c4 a5 8. a4 b6 9.
O-O Bb7 10. d4 Nbd7 11. dxc5 Nxc5 12. Nbd2 Rc8 13. Nb3 Nxb3 14. Qxb3 dxc4 15.
Bxc4 Bd5 16. Ne5 Bxc4 17. Nxc4 Bc5 18. Rfd1 Qe7 19. Rd3 Rfd8 20. Rad1 Rxd3 21.
Qxd3 Qc7 22. Be5 Qe7 23. Bd6 Bxd6 24. Qxd6 Qxd6 25. Rxd6 Ne8 26. Rc6 Rd8 27. Kf1 1-0

[Event "Xtracon Chess Open 2019"]
[Site "Helsingor DEN"]
[Date "2019.07.24"]
[Round "6.171"]
[White "Thybo, Jan"]
[Black "Shehzad, Alisha"]
[Result "0-1"]
[WhiteElo "1316"]
[BlackElo "1637"]
[WhiteFideId "1438824"]
[BlackFideId "1521926"]
[EventDate "2019.07.20"]

1. e4 c5 2. Nc3 Nc6 3. g3 g6 4. Bg2 Bg7 5. d3 d6 6. Nge2 e6 7. a3 Nge7 8. O-O
O-O 9. Rb1 b6 10. b4 Bb7 11. bxc5 dxc5 12. Bb2 Qd7 13. Qd2 Nd4 14. Nxd4 cxd4 15.
Ne2 Rac8 16. c3 dxc3 17. Bxc3 Bxc3 18. Nxc3 Rfd8 19. Rfd1 e5 20. Rbc1 Ba6 21.
Nd5 Nxd5 22. Rxc8 Bxc8 23. exd5 Bb7 24. Qc3 Re8 25. Rc1 Rc8 26. Qd2 Rxc1+ 27.
Qxc1 Bxd5 28. Bxd5 Qxd5 29. Qc8+ Kg7 30. Qc7 Qa5 31. Qd6 Qc5 32. Qb8 b5 33. Qe8
a5 34. Kf1 b4 35. axb4 axb4 36. Qb8 Qc3 37. Kg2 b3 38. d4 exd4 39. Qe5+ Kf8 40.
Qd6+ Ke8 41. Qb8+ Kd7 42. Qa7+ Kd6 43. Qb8+ Kd5 44. Qd8+ Kc4 45. Qc8+ Kd3 46.
Qa6+ Kd2 47. Qf6 b2 48. Qf4+ Kc2 49. Qe4+ d3 50. Qa4+ Kc1 51. Qf4+ d2 0-1

[Event "Xtracon Chess Open 2019"]
[Site "Helsingor DEN"]
[Date "2019.07.24"]
[Round "6.172"]
[White "Eiding, Amanda Mai Irgens"]
[Black "Mansoor, Areeb"]
[Result "1-0"]
[WhiteElo "1633"]
[BlackElo "1183"]
[WhiteFideId "1549499"]
[BlackFideId "1535870"]
[EventDate "2019.07.20"]

1. e4 e5 2. Nf3 Nc6 3. d4 exd4 4. Nxd4 Nf6 5. Nxc6 bxc6 6. Bd3 d6 7. Nc3 g6 8.
Bg5 Bg7 9. O-O O-O 10. Qd2 Rb8 11. Rab1 Re8 12. Bh6 d5 13. Bxg7 Kxg7 14. exd5
cxd5 15. Bb5 Ne4 16. Qd4+ Nf6 17. Bxe8 Qxe8 18. Nxd5 Qd8 19. Rfd1 Be6 20. Nxf6
Qxd4 21. Rxd4 Kxf6 22. b3 Bf5 23. Rc4 Rc8 24. Re1 Be6 25. Rf4+ Bf5 26. Rf3 Kg7
27. c3 Rd8 28. h3 Rd2 29. Re7 Rxa2 30. Rxc7 Ra3 31. b4 Be4 32. Rfxf7+ Kh6 33.
Rxh7+ Kg5 34. h4+ Kf4 35. Rhf7+ Kg4 36. f3+ Kg3 37. fxe4 1-0

[Event "Xtracon Chess Open 2019"]
[Site "Helsingor DEN"]
[Date "2019.07.24"]
[Round "6.173"]
[White "Sundin, Sven-Ingvar"]
[Black "Rempe, Lennik"]
[Result "1-0"]
[WhiteElo "1632"]
[BlackElo "1147"]
[WhiteFideId "1724517"]
[BlackFideId "16248031"]
[EventDate "2019.07.20"]

1. e4 e5 2. Nf3 Nc6 3. d4 exd4 4. Nxd4 Bc5 5. Be3 Qf6 6. c3 Nge7 7. Bc4 O-O 8.
O-O d6 9. b4 Qg6 10. f3 Bh3 11. Rf2 Bb6 12. Kh1 Ne5 13. Bb3 Bxd4 14. cxd4 Ng4
15. fxg4 Bxg4 16. Qd3 d5 17. Nd2 Rad8 18. Bc2 b6 19. Qc3 Rd6 20. e5 Qh5 21. exd6
Nf5 22. Bxf5 Bxf5 23. Raf1 g6 24. dxc7 Rc8 25. Bf4 g5 26. Bg3 g4 27. Rxf5 Qg6
28. Rxd5 Kg7 29. Rd8 Rxd8 30. cxd8=Q 1-0

[Event "Xtracon Chess Open 2019"]
[Site "Helsingor DEN"]
[Date "2019.07.24"]
[Round "6.174"]
[White "Bredeli, Havard Iversen"]
[Black "Willard, Hakan"]
[Result "0-1"]
[WhiteElo "1397"]
[BlackElo "1614"]
[WhiteFideId "1514440"]
[BlackFideId "1733621"]
[EventDate "2019.07.20"]

1. d4 Nf6 2. Nf3 d5 3. c4 e6 4. Nc3 Be7 5. Bf4 a6 6. e3 O-O 7. Bd3 Nbd7 8. O-O
dxc4 9. Bxc4 Nh5 10. Ne2 b5 11. Bd3 Bb7 12. Ne5 Nxf4 13. exf4 c5 14. Nxd7 Qxd7
15. dxc5 Qd5 16. f3 Bxc5+ 17. Kh1 f5 18. Bc2 Qxd1 19. Rfxd1 Rfd8 20. Bb3 Kf7 21.
Rac1 Bb6 22. Ng3 g6 23. Re1 Rd6 24. Re2 Rad8 25. h4 Kf6 26. h5 Bc8 27. Rce1 Ba5
28. Rc1 Bd2 29. Rd1 Bxf4 30. Rxd6 Rxd6 31. Nf1 gxh5 32. g3 Bh6 33. Bc2 Bb7 34.
Rf2 Bd5 35. b3 Bc1 36. Kh2 h6 37. g4 Bf4+ 38. Kh3 h4 39. Kxh4 Bg5+ 40. Kh3 f4
41. Nd2 Rc6 42. Ne4+ Ke5 43. Nxg5 hxg5 44. Bd1 b4 45. Rh2 Rc1 46. Rd2 Rc3 47.
Kg2 Kd6 48. Be2 Kc5 49. Kf2 e5 50. Bd3 a5 51. Ke2 Rc1 52. Rc2+ Rxc2+ 53. Bxc2
Kd4 54. Bd3 Kc3 0-1

[Event "Xtracon Chess Open 2019"]
[Site "Helsingor DEN"]
[Date "2019.07.24"]
[Round "6.175"]
[White "Olsen, Lars Peter Levin"]
[Black "Gade, Jens"]
[Result "1-0"]
[WhiteElo "1187"]
[BlackElo "1528"]
[WhiteFideId "1454102"]
[BlackFideId "1416111"]
[EventDate "2019.07.20"]

1. d4 d5 2. Bf4 Nf6 3. e3 e6 4. Nf3 Be7 5. c3 O-O 6. Bd3 Nbd7 7. Nbd2 c5 8. Ne5
Nxe5 9. dxe5 Ne8 10. Bxh7+ Kxh7 11. Qh5+ Kg8 12. h4 g6 13. Qh6 Ng7 14. g4 Re8
15. Bg5 Qd7 16. Bf6 Bf8 17. h5 d4 18. hxg6 fxg6 19. Nf3 Qd5 20. Qh7+ Kf7 21.
Ng5# 1-0

[Event "Xtracon Chess Open 2019"]
[Site "Helsingor DEN"]
[Date "2019.07.24"]
[Round "6.176"]
[White "Nielsen, Pia"]
[Black "Morling, Aase"]
[Result "1/2-1/2"]
[WhiteElo "1365"]
[BlackElo "1470"]
[WhiteFideId "1409700"]
[BlackFideId "1440993"]
[EventDate "2019.07.20"]

1. Nf3 Nf6 2. d4 e6 3. c4 Bb4+ 4. Nbd2 O-O 5. a3 Bxd2+ 6. Bxd2 Ne4 7. g3 Nxd2 8.
Qxd2 b6 9. Bg2 Bb7 10. O-O d5 11. Rac1 Nd7 12. Rc3 c5 13. b4 dxc4 14. Rxc4 Bd5
15. Rc3 cxd4 16. Qxd4 Qf6 17. Rfc1 Qxd4 18. Nxd4 Bxg2 19. Kxg2 1/2-1/2

[Event "Xtracon Chess Open 2019"]
[Site "Helsingor DEN"]
[Date "2019.07.24"]
[Round "6.177"]
[White "Storme, Joel"]
[Black "Hinrichs, Kurt"]
[Result "1-0"]
[WhiteElo "1448"]
[BlackElo "1225"]
[WhiteFideId "1749021"]
[BlackFideId "12994057"]
[EventDate "2019.07.20"]

1. e4 e6 2. d4 d5 3. exd5 exd5 4. c4 Nf6 5. Nc3 c6 6. Bg5 Be7 7. Qc2 h6 8. Bh4
O-O 9. O-O-O Ng4 10. Bxe7 Qxe7 11. h3 Nf6 12. Nf3 Nbd7 13. Bd3 b6 14. Rde1 Qd8
15. Ne5 Nb8 16. Re3 a5 17. Rhe1 Be6 18. Bf5 Re8 19. Ng6 fxg6 20. Bxe6+ Kf8 21.
Qxg6 Re7 22. Rf3 Nd7 23. cxd5 Qe8 24. Qh7 Rxe6 25. Qh8+ Ke7 26. Rxe6+ 1-0

[Event "Xtracon Chess Open 2019"]
[Site "Helsingor DEN"]
[Date "2019.07.24"]
[Round "6.178"]
[White "Hein, Jacob"]
[Black "Linjord, Anders Jess"]
[Result "1-0"]
[WhiteElo "1422"]
[BlackElo "1222"]
[WhiteFideId "1402870"]
[BlackFideId "1530020"]
[EventDate "2019.07.20"]

1. Nf3 d5 2. c4 dxc4 3. Qa4+ Nc6 4. Qxc4 Nf6 5. d4 Bg4 6. Ne5 Be6 7. Qb5 Bd5 8.
Nc3 a6 9. Qd3 Nb4 10. Qb1 Nc6 11. e4 Be6 12. Nxc6 bxc6 13. Be3 Ng4 14. h3 Nxe3
15. fxe3 Qd6 16. Ne2 Rb8 17. Qc2 Qb4+ 18. Qc3 Qxb2 19. Qxc6+ Bd7 20. Qc1 Qxc1+
21. Rxc1 c6 22. Nc3 e6 23. Bxa6 Bb4 24. O-O c5 25. d5 O-O 26. a4 Bxc3 27. Rxc3
Bxa4 28. Rxc5 Rfe8 29. d6 Red8 30. e5 Rb6 31. Rc8 Re8 32. Rxe8+ Bxe8 33. Bc8 Rb3
34. d7 Bxd7 35. Bxd7 Rxe3 36. Rc1 h6 37. Rc5 Kh7 38. Kf2 Rd3 39. Bc6 Rb3 40.
Be4+ g6 41. Rc7 Kg7 42. Bc2 Rb5 43. Ba4 Rxe5 44. g4 Ra5 45. Be8 Ra2+ 46. Kg3
Ra3+ 47. Kg2 Ra2+ 48. Kf1 Ra1+ 49. Ke2 Ra2+ 50. Kd1 Kf8 51. Bxf7 Ra3 52. Bxg6
Rxh3 53. Rf7+ Kg8 54. Rf4 Kg7 55. Bh5 Rh1+ 56. Ke2 Rh2+ 57. Kf3 Rh3+ 58. Kg2 Ra3
59. Rf7+ Kg8 60. Rf6 e5 61. Rxh6 e4 62. Re6 Ra2+ 63. Kg3 Ra3+ 64. Kf4 e3 65.
Rxe3 Rxe3 66. Kxe3 Kg7 67. Ke4 Kf6 68. Kf4 Kg7 69. Kg5 Kh8 70. Bf7 Kg7 71. Ba2
Kh8 72. Kf6 Kh7 73. Kf7 Kh6 74. Kf6 Kh7 75. g5 Kh8 76. Bb1 Kg8 77. g6 Kh8 78.
g7+ Kg8 79. Ba2+ Kh7 80. g8=Q+ Kh6 81. Qh8# 1-0

[Event "Xtracon Chess Open 2019"]
[Site "Helsingor DEN"]
[Date "2019.07.24"]
[Round "6.179"]
[White "Johansen, Paul Ivar"]
[Black "Jensen, Jonbert M. S."]
[Result "0-1"]
[WhiteElo "1205"]
[BlackElo "1461"]
[WhiteFideId "1508024"]
[BlackFideId "1435914"]
[EventDate "2019.07.20"]

1. Nf3 d5 2. d4 Nf6 3. Bf4 Nc6 4. e3 e6 5. a3 Ne4 6. Bb5 Bd7 7. Bxc6 Bxc6 8. O-O
Bb5 9. Re1 Bd6 10. Bxd6 Qxd6 11. Nfd2 Nf6 12. Nf3 Rc8 13. Nc3 Bd7 14. Ne5 a6 15.
Nxd7 Nxd7 16. e4 dxe4 17. Nxe4 Qd5 18. Nc3 Qd6 19. Ne4 Qb6 20. b3 O-O 21. c4
Rcd8 22. Qd3 Ne5 23. Qc3 Qxd4 24. Qxd4 Rxd4 25. Rad1 Rfd8 26. Nc3 Nc6 27. f3 b5
28. Rb1 b4 29. axb4 Nxb4 30. Re4 Rd3 31. Na4 Nc6 32. Nc5 Rd1+ 33. Rxd1 Rxd1+ 34.
Kf2 a5 35. Na6 Rb1 36. Re3 Rb2+ 37. Kf1 Kf8 38. Nxc7 Nd4 39. c5 Nxb3 40. Rc3 Nd4
41. Ra3 Nb5 42. Nxb5 Rxb5 43. Rc3 Ke7 44. c6 Kd8 45. Ke2 Kc7 46. Rc4 Rb6 47. Kd3
Rxc6 48. Rxc6+ Kxc6 49. Kc4 e5 50. g3 f5 51. h4 h6 52. h5 a4 53. Kb4 Kd5 54.
Kxa4 Kd4 55. Kb4 e4 56. fxe4 fxe4 0-1

[Event "Xtracon Chess Open 2019"]
[Site "Helsingor DEN"]
[Date "2019.07.24"]
[Round "6.181"]
[White "Huse, Lars Paul"]
[Black "Jensen, Johannes Frank"]
[Result "0-1"]
[WhiteElo "1124"]
[BlackElo "1347"]
[WhiteFideId "1526537"]
[BlackFideId "1457942"]
[EventDate "2019.07.20"]

1. e4 d5 2. f3 Nc6 3. d4 e6 4. exd5 Qxd5 5. c3 e5 6. dxe5 Qxd1+ 7. Kxd1 Bf5 8.
Bb5 O-O-O+ 9. Ke1 Nxe5 10. Ne2 Bd3 11. Na3 Bxa3 12. Bf4 Bxb5 13. Bxe5 f6 14. Bd4
Bxe2 15. Kxe2 Bxb2 16. Rab1 Ba3 17. Rb3 Re8+ 18. Kd2 Bd6 19. g3 b6 20. c4 Rd8
21. Ke2 Bxg3 22. hxg3 Rxd4 23. Re3 Nh6 24. Rc1 Nf5 25. Rec3 Re8+ 26. Kf2 Rd2+
27. Kg1 Nxg3 0-1

[Event "Xtracon Chess Open 2019"]
[Site "Helsingor DEN"]
[Date "2019.07.25"]
[Round "7.5"]
[White "Hjartarson, Johann"]
[Black "Tari, Aryan"]
[Result "0-1"]
[WhiteTitle "GM"]
[BlackTitle "GM"]
[WhiteElo "2513"]
[BlackElo "2620"]
[WhiteFideId "2300044"]
[BlackFideId "1510045"]
[EventDate "2019.07.20"]

1. e4 c5 2. Nf3 d6 3. d4 cxd4 4. Nxd4 Nf6 5. Nc3 a6 6. f4 e5 7. Nf3 Qc7 8. Bd3
Nbd7 9. O-O Be7 10. Qe2 O-O 11. Kh1 b5 12. fxe5 dxe5 13. Nh4 g6 14. Bh6 Re8 15.
Qf3 Bb7 16. Nf5 Bf8 17. Bxf8 Rxf8 18. Ne3 b4 19. Ne2 Nh5 20. g4 Ng7 21. Nd5 Bxd5
22. exd5 f5 23. gxf5 gxf5 24. Qg2 Kh8 25. Rg1 Rg8 26. c3 e4 27. Bc2 Nf6 28. Rad1
Ng4 29. Bb3 Qd6 30. Rd4 Nh5 31. h3 Ne5 32. Qf2 Nf3 33. Rxg8+ Rxg8 0-1